000 00588nam a22001937a 4500
005 20251108170054.0
008 250721s9999 xx 000 0 ara d
082 1 4 _aط/ق/ر
100 1 _aغريب، روز
245 1 0 _aنادرة و السمكة و قصص أخرى /
264 1 _aبيروت :
_bدار الكتاب اللبناني،
_c[19-].
300 _a40ص ؛ مص
490 0 _aمجموعة قصص للأطفال ؛8
650 1 7 _aالأدب العربي
650 1 7 _aأدب الأطفال
650 1 7 _aالقصص العربيه
942 _2ddc
_cBK
999 _c39025
_d39025